| 000 | 00506nam a22001817a 4500 | ||
|---|---|---|---|
| 005 | 20251108165156.0 | ||
| 008 | 250721s9999 xx 000 0 ara d | ||
| 082 | 1 | 4 | _a818.02/إمي |
| 100 | 1 | _aناصيف، إميل | |
| 245 | 1 | 0 | _aأروع ما قيل من الوصايا / |
| 264 | 1 |
_aبيروت : _bدار الجيل، _c[19-]. |
|
| 300 | _a168ص | ||
| 650 | 1 | 7 | _aالأدب العربي |
| 650 | 1 | 7 | _aالحكم (الأمثال) |
| 650 | 1 | 7 | _aالوصايا |
| 942 |
_2ddc _cBK |
||
| 999 |
_c21316 _d21316 |
||